Elementos de polí­tica para la educación superior colombiana: memorias de gestión y prospectiva (Record no. 12773)

MARC details
000 -LEADER
campo de control de longitud fija 00530nam a2200133Ia 4500
008 - DATOS DE LONGITUD FIJA--INFORMACIÓN GENERAL
campo de control de longitud fija 231129s9999||||xx |||||||||||||| ||spa||
020 ## - NÚMERO INTERNACIONAL ESTÁNDAR DEL LIBRO
Número Internacional Estándar del Libro 958-11-0474-7
040 ## - FUENTE DE CATALOGACIÓN
Lengua de catalogación spa
082 ## - NÚMERO DE LA CLASIFICACIÓN DECIMAL DEWEY
Número de clasificación 378.861 I59e
100 ## - ENTRADA PRINCIPAL--NOMBRE DE PERSONA
Nombre de persona Instituto Colombiano para el Fomento de la Educación Superior - ICFES
245 #0 - MENCIÓN DEL TÍTULO
Título Elementos de polí­tica para la educación superior colombiana: memorias de gestión y prospectiva
264 ## - PRODUCCIÓN, PUBLICACIÓN, DISTRIBUCIÓN, FABRICACIÓN Y COPYRIGHT
Producción, publicación, distribución, fabricación y copyright Bogotá Colombia : ICFES : Ministerio de Educación Nacional
942 ## - ELEMENTOS DE ENTRADA SECUNDARIOS (KOHA)
Fuente del sistema de clasificación o colocación Clasificación Decimal Dewey
Tipo de ítem Koha
Holdings
Estatus retirado Estado de pérdida Fuente del sistema de clasificación o colocación Estado de daño No para préstamo Biblioteca de origen Biblioteca actual Fecha de adquisición Total de préstamos Signatura topográfica completa Código de barras Visto por última vez Copia número Precio de reemplazo Tipo de ítem Koha
    Clasificación Decimal Dewey     BIBLIOTECA PÚBLICA MUNICIPAL RAMON CORREA MEJIA BIBLIOTECA PÚBLICA MUNICIPAL RAMON CORREA MEJIA 17/08/2017   378.861 I59e 39718 29/11/2023 1 29/11/2023 Libros

Powered by Koha